<?xml version="1.0" encoding="UTF-8"?>
<record
    xmlns:xsi="http://www.w3.org/2001/XMLSchema-instance"
    xsi:schemaLocation="http://www.loc.gov/MARC21/slim http://www.loc.gov/standards/marcxml/schema/MARC21slim.xsd"
    xmlns="http://www.loc.gov/MARC21/slim">

  <leader>00423nam a22001577a 4500</leader>
  <controlfield tag="008">230605b        xxu||||| |||| 00| 0 eng d</controlfield>
  <datafield tag="020" ind1=" " ind2=" ">
    <subfield code="a">904111727X</subfield>
  </datafield>
  <datafield tag="082" ind1=" " ind2=" ">
    <subfield code="a">321.8</subfield>
    <subfield code="b">DEM</subfield>
  </datafield>
  <datafield tag="100" ind1=" " ind2=" ">
    <subfield code="c">David Beetham</subfield>
  </datafield>
  <datafield tag="245" ind1=" " ind2=" ">
    <subfield code="a">Handbook on Democracy Assessment</subfield>
    <subfield code="b">kluwer law international</subfield>
  </datafield>
  <datafield tag="260" ind1=" " ind2=" ">
    <subfield code="a">Netherlands</subfield>
    <subfield code="b">kluwer law international</subfield>
  </datafield>
  <datafield tag="300" ind1=" " ind2=" ">
    <subfield code="a">144p</subfield>
  </datafield>
  <datafield tag="600" ind1=" " ind2=" ">
    <subfield code="c">sarah Bracking</subfield>
  </datafield>
  <datafield tag="700" ind1=" " ind2=" ">
    <subfield code="c">Iain Kearton </subfield>
  </datafield>
  <datafield tag="942" ind1=" " ind2=" ">
    <subfield code="2">ddc</subfield>
    <subfield code="c">BK</subfield>
  </datafield>
  <datafield tag="999" ind1=" " ind2=" ">
    <subfield code="c">250</subfield>
    <subfield code="d">250</subfield>
  </datafield>
  <datafield tag="952" ind1=" " ind2=" ">
    <subfield code="0">0</subfield>
    <subfield code="1">0</subfield>
    <subfield code="2">ddc</subfield>
    <subfield code="4">0</subfield>
    <subfield code="7">0</subfield>
    <subfield code="a">001</subfield>
    <subfield code="b">001</subfield>
    <subfield code="d">2023-06-05</subfield>
    <subfield code="l">0</subfield>
    <subfield code="o">321.8 DEM</subfield>
    <subfield code="p">10014978</subfield>
    <subfield code="r">2023-06-05</subfield>
    <subfield code="w">2023-06-05</subfield>
    <subfield code="y">BK</subfield>
  </datafield>
</record>
